|
|
|
|
| LEADER |
00000nam0a2200000 4500 |
| 001 |
195269 |
| 005 |
20231101224622.0 |
| 035 |
|
|
|a (RuTPU)RU\TPU\book\213011
|
| 090 |
|
|
|a 195269
|
| 100 |
|
|
|a 20110505d2011 k y0rusy50 ca
|
| 101 |
0 |
|
|a rus
|
| 102 |
|
|
|a RU
|
| 105 |
|
|
|a a dm 001zy
|
| 200 |
1 |
|
|a Закономерности упругопластического течения и разрушения в зонах локализованной деформации, инициированных концентраторами напряжений
|e автореферат диссертации на соискание ученой степени доктора физико-математических наук
|e спец. 01.04.07
|e спец. 01.02.04
|f Л. С. Деревягина
|g Российская академия наук (РАН), Сибирское отделение (СО), Институт физики прочности и материаловедения (ИФПМ) ; науч. конс. В. Е. Панин
|
| 210 |
|
|
|a Томск
|d 2011
|
| 215 |
|
|
|a 32 с.
|c ил.
|
| 300 |
|
|
|a Защита сост. 25.02.2011 г.
|
| 320 |
|
|
|a Библиогр.: с. 30-32 (22 назв.).
|
| 606 |
1 |
|
|a Деформация упругопластическая
|2 stltpush
|3 (RuTPU)RU\TPU\subj\9399
|9 36657
|
| 610 |
1 |
|
|a измерения
|
| 610 |
1 |
|
|a напряжения
|
| 610 |
1 |
|
|a геометрические концентраторы
|
| 610 |
1 |
|
|a разрушение
|
| 610 |
1 |
|
|a надрезы
|
| 610 |
1 |
|
|a трещины
|
| 610 |
1 |
|
|a напряженные состояния
|
| 610 |
1 |
|
|a авторефераты диссертаций
|
| 675 |
|
|
|a 539.37(04)
|v 3
|
| 686 |
|
|
|a 01.04.07
|2 oksvnk
|
| 686 |
|
|
|a 01.02.04
|2 oksvnk
|
| 700 |
|
1 |
|a Деревягина
|b Л. С.
|g Людмила Сергеевна
|
| 702 |
|
1 |
|a Панин
|b В. Е.
|g Виктор Евгеньевич
|4 695
|
| 712 |
0 |
2 |
|a Российская академия наук (РАН)
|b Сибирское отделение (СО)
|b Институт физики прочности и материаловедения (ИФПМ)
|c (Томск)
|2 stltpush
|3 (RuTPU)RU\TPU\col\265
|
| 801 |
|
1 |
|a RU
|b 63413507
|c 20110505
|
| 801 |
|
2 |
|a RU
|b 63413507
|c 20110519
|g RCR
|
| 942 |
|
|
|c BK
|